008990000a22001090004500001000600000041000800006082001200014110003200026245008200058300001400140505063500154140780 aSPA04aAV 02081 aConsejo Ecuménico de Cuba10aMensaje 1982 : Una jornada productiva de verdad / Consejo Ecuménico de Cuba a32 Pág.00a- Las Malvinas, El Libano y nuestra conciencia cristiana. Ham, Adolfo - El Encuentro Nacional del Consejo Ecuménico de Cuba. De la Paz Cerezo, Juan Manuel - La iglesia en pie de lucha. Campbell, Gary - Jesucristo no está dado en exclusiva - Informe sobre la reunión de la comisión "Solidaridad, liberación y desarrollo" de la CCP Internacional - Una asamblea como para la historia - Mensaje a las iglesias cubanas, a todos sus jóvenes - Apuntes sobre Kampuchea. Rodríguez Gutiérrez, Emilio - Impresiones de la 5ª Asamblea General del Consejo Angolano de Iglesias Evangélicas - La bomba de neutrones y la Biblia